000 01091nam a22001937a 4500
999 _c60412
_d60412
003 Ge_BSU
005 20230713120040.0
008 230713s2016ge xxu||||| |||| 00| 0 geo d
041 _ageo
080 _a929(479.22)(092) მ-59
100 _aმეტრეველი, როინ, ავტორი.
_95447
245 _aაკადემიის წევრ-კორესპონდენტი შოთა მესხია
_b100 /
_cროინ მეტრეველი.
264 _aთბილისი,
_c2016.
300 _a44 გვ.:
_bილ ;
_c18 სმ.
653 _aსახელოვანი მეცნიერი და მოღვაწე : შოთა მესხია - 100
653 _aმესხია, შოთა, ქართველი ისტორიკოსი, ისტორიის მეცნიერებათა დოქტორი, 1916-1972.
711 _aსაქართველოს მეცნიერებათა ეროვნული აკადემია
_919300
942 _2udc
_cBK